| 000 | 00753 a2200241 4500 | ||
|---|---|---|---|
| 001 | 22982 | ||
| 999 |
_c22982 _d9638 |
||
| 003 | TR-AnTOB | ||
| 005 | 20210702173820.0 | ||
| 008 | 161114s1996 tu 000 0 | ||
| 020 | _a975803006X | ||
| 041 | _atur | ||
| 060 |
_aWZ 100 _bN688B 1996 |
||
| 096 | _aWZ100 N688B 1996 | ||
| 100 |
_aBronw, Pam _916574 |
||
| 245 | 0 |
_aFlorence Nightingale : _bçağdaş hemşireliğin Britanya öncüsü / _cPam Bronw ; çev. Leyla Onat. |
|
| 264 | 1 |
_aAnkara : _bİlkkaynak Kültür ve Sanat Ürünleri, _c1996 |
|
| 300 |
_a64 p. : _bcol. ill. ; _c22 cm |
||
| 490 | 0 | _aİnsanlık Tarihine Yön Verenler : Florence Nightingale | |
| 500 | _aIncludes index. | ||
| 600 | 1 | 0 |
_aNightingale, Florence, _d1820-1910 _916575 |
| 942 | _cBK | ||